Quizzes
Events
Quiz Creation
Community
Videos
Private Events
Remove Ads
Sign In
Join for FREE
Feedback
Dark Mode
Quiz Categories
Sports
Geography
Music
Movies
Television
Just For Fun
Miscellaneous
History
Literature
Language
Science
Gaming
Entertainment
Religion
Holiday
For Kids
Quiz Lab
Recent
Popular Today
Quiz Kudos Today
Editor Picks
Curator Picks
Quizzes by...
Day
Popularity
Type
Ratings
Length
Year
Community
Subscriptions
Recent Discussions
Orange Saloon
Badges
Playlists
Quests
Create
Leaderboards
Showdown
Live 5
Trivia Bingo
Activity
Puzzle Library
Sporcle Events
Private Events
Virtual Trivia
Globe League
Become a Host
Pub Owners
SporcleCon
Opinionation
Our Games
Videos
Blog
Mobile Apps
Partnerships
Remove Ads and Go Orange
Feedback
Television
TV Characters
TV Show
Sitcom
Network
Friends
Reality Shows
Cast
South Park
Star Trek
The Simpsons
Doctor Who
Television
TV Characters
TV Show
Sitcom
Network
Friends
Reality Shows
Cast
South Park
Star Trek
The Simpsons
Doctor Who
Random Quiz
Search Sporcle
×
Quiz Lab
Quiz Lab
Television
City
Type in answers that appear in a list
Type in answers that appear in a list
Classic
Best Score? Go Orange.
Sex And the City Carrie Trivia Stats
Can you name the Sex And the City Carrie Trivia?
By
CarrieFever
13m
24 Questions
2,302 Plays
2,302 Plays
2,302 Plays
Comments
Comments
Give Quiz Kudos
Give Quiz Kudos
-
- Ratings
hide this ad
Random Order
Randomize order of answers
Randomize order of answers
Replay
Link that replays current quiz
Next Quiz
Link to next quiz in quiz playlist
You Got
0%
They Got
Avg Score
48%
Avg Friend Score
Upgrade to see
Score Distribution
Jump to the score distribution portion of the page
Score
0/24
Timer
13:00
0
Plays Today
Hint
Answer
% Correct
Number of times Carrie has be pregnant
Once
87.1%
What Carrie though she lost in Paris
Her Carrie necklace
79.8%
T/
F -
Carrie hates Reeses Pieces
False
78.3%
Number of times Carrie has been to the Hamptons on the show
Three
75.9%
The day Carrie's column is in the newspaper
Wednesday
74.9%
The grade Carrie was in when she lost her virginity
Eleventh
67.2%
Who Carrie dedicated her book to
Charlotte
66.7%
The newspaper Carrie writes for
The New York Star
64.4%
Number of times Carrie has been in a hospital on the show
Four
63.6%
The clothing store Carrie took Berger to
Prada
60.2%
Who Carrie called 'The Boy Who Cried Love'
Big
58.9%
Body part Carrie says she doesn't like
Her nose
54.1%
Hint
Answer
% Correct
What Carrie brought Big when he returned from Paris
McDonald's
47.7%
Food Carrie hates so much that she claims she's 'allergic'
Parsley
47.5%
Who took Carrie out for a hot dog after her book party
Her limo driver
41.6%
Carrie's boss at Vogue
Enid
40.6%
The only sandwich Carrie ate on the train to San Francisco
Club
40%
What Carrie calls great sex with someone you don't want to introduce to your friends
Secret sex
25.8%
The designer brand Carrie was going to throw out when she and Aidan were cleaning out her closet
Roberto Cavalli
24.8%
The club Carrie went to that required a special key
Bungalow 8
19.9%
The English name of the song Petrovsky wrote for Carrie
The Girl With The Eyes That Sparkle
15.6%
What ballet Carrie and Stanford went to go see
Sleeping Beauty
14.3%
Name of the magazine party where Carrie ran into Big on a boat
Gab
11.6%
Carrie's address
245 East 73rd Street
2%
Quiz Playlist
Details
Report
Send in Message
Add To Playlist
Classic:
Type in answers that appear in a list
Random Order:
Randomize order of answers
Last Updated: Feb 16, 2017
Quiz Scoreboard
CHALLENGE
Sign Up to Join the Scoreboard
Show All
Scores
Hide
Comments
May contain spoilers
Recently Published
TV Characters by Other Roles V
by ghcgh
Television
5m
Decade Duel: World Leaders
by jenniferyan
History
4m
Alphabetical 'K' Countries by Flag Minefield
by ylime102
Geography
3m
More to Explore
Quiz From the Vault
Featured Blog Post
15 Basketball Trivia Facts You Can Be March Mad About
hide this ad
You Might Also Like...
Tags
City Quiz
carrie
Sex
Today's Top Quizzes in Television
Browse Television
hide this ad
Today's Top Quizzes in City
Browse City
Top Contributed Quizzes in Television
1
Hidden Simpsons Character
2
One Piece Logic Puzzle
3
First Name TV: Leading Men
4
Hidden Simpsons Character XXIV
5
Grey's Anatomy Logic Puzzle
6
First Name TV: Leading Women Drama
7
Hidden Simpsons Character II
8
Hidden Simpsons Character XXVI
9
Hidden Simpsons Character XXV
10
TV Characters by Other Roles VI
Explore More
Trending Topics
Disney
Anime
Kpop
Crossword
Harry Potter
NBA
Marvel
WWE
Song
Soccer
The Office
Pokémon
Country
Puzzle
NFL
hide this ad
More By:
CarrieFever
Quiz
Plays
Rating
Category
Featured
Created
Sex And The City Ultimate Trivia
7,356
3.50
Television
Mar 8, 2011
Sex And the City Carrie Trivia
2,302
4.00
Television
Mar 8, 2011
Sex And The City Miranda Trivia
1,704
2.00
Television
Mar 8, 2011
Sex And The City Samantha Trivia
1,623
3.00
Television
Mar 8, 2011
Sex And The City Charlotte Trivia
1,486
4.00
Television
Mar 8, 2011
Go to Creator's Profile
Score Distribution
Quiz Creator Spotlight
CarrieFever
Follow
Send a Message
Quizzes Created
-
Created Quiz Play Count
-
More By This Creator
Popular Quizzes Today
1
Countries of Asia Without Outlines Minefield
2
Find the US States - No Outlines Minefield
3
Pick 6: Fruits
4
The Countries of the World
5
Find the Countries of Europe - No Outlines Minefield
6
Alphabetical 'K' Countries by Flag Minefield
7
US States
8
Find the US States
More Television Quizzes
Tic-Tac-Trivia: 1990s TV
Published
Trending Quizzes
Pick 6: Mountains
Pick 6: Harry Potter
Pick 6: NFL Teams
Pick 6: Flags
C Names for Actors
Recently Updated
Adaptations: Name the Title
pecheneg
NWSL Teams
pecheneg
Women's Final Four Teams by Year
bhenderson79
Presidents Quartet II
eogle
Anything But Clue(do)
eogle
Anything But Oceanian Capitals
eogle
Anything But 7
eogle
Anything But Thing
eogle
Word Ladder: February 29
pecheneg
Song Title Questions
pecheneg
Trending Topics
Marvel
Crossword
Harry Potter
Kpop
Anime
NBA
Disney
Song
The Office
Puzzle
WWE
Country
Pokémon
NFL
Soccer
Your Account Isn't Verified!
In order to create a playlist on Sporcle, you need to verify the email address you used during registration. Go to your
Sporcle Settings
to finish the process.
Report this User
Report this user for behavior that violates our
Community Guidelines
.
Details:
Send Report
Go to the Sporcle.com Mobile Site →
Comments